000 01134nam a2200313 i 4500
003 EG-GICUC
005 20260421085740.0
008 260421s2005 ua |||fr|||| 00| 0 ara d
017 _a2005/22430
020 _a9774000129
040 _a EG-GICUC
_bara
_c EG-GICUC
_d EG-GICUC
_erda
082 0 4 _221
_a343.1
_bم ص . ا
092 0 4 _221
099 _aLaw1 10 343.1 م ص . ا 2005
100 1 _aمصطفي مجدي هرجه
245 1 2 _aالدفوع الجنائية :
_bالدفوع في قانون العقوبات،
_nالجزء الأول /
_cالمستشار مصطفي مجدي هرجه.
264 1 _aالقاهرة :
_bدار محمود،
_c2005.
300 _a1101 ؛ صفحة
_c24 سم
336 _2rda content
_atext
337 _2rda media
_aComputer
338 _2rda carrier
_aOnline Resource
500 _aموسوعة هرجه الجنائية
546 _aالنص باللغة العربية
650 1 4 _aقانون العقوبات القسم العام
_2qrmak
651 1 _2qrmak
856 4 0 _uhttps://fll.law.cu.edu.eg/fulltext/bks/B10-10734.pdf
905 _a161
942 _2ddc
_cBK
_e21
_n0
999 _c72518
_d72518